L' abbicci dell'elettrotecnica : libro per gli operai. Sesta edizione

Saved in:
Bibliographic Details
Main Author: Veroi, Gomberto
Format: Book
Language:Italian
Published: Castello Albrighi 1926
Textbook Catalogue:EDISCO:  Library Catalog Search Result
Textbook Classification:
Tags: Add Tag
No Tags, Be the first to tag this record!
Added to:2016-04-30
Changed in:2017-10-04

MARC

LEADER 00000aam a22000005 4500
001 18850
003 OSt
005 20171004090220.0
008 160501s1926 it 000 0 ita
040 |c Paola Zonca - Torino - SBN 
041 1 |a ita 
100 1 |a Veroi, Gomberto 
245 0 0 |a L' abbicci dell'elettrotecnica : libro per gli operai. Sesta edizione 
260 |a Castello  |b Albrighi  |c 1926 
300 |a p. 252 : i, 1/x ;   |c in 8° 
510 3 |a L. 9 
901 |a 5 
942 |2 ddc  |c BK 
546 |a ita 
999 |c 18839  |d 18839 
999 |c edisco:18839  |d 18839